|
|
|
|
| LEADER |
00767naa a2200217 i 4500 |
| 001 |
publ25504 |
| 005 |
20221111084709.0 |
| 008 |
221111s2016 hu o 0|| Magyar d |
| 020 |
|
|
|a 9786155411397
|
| 024 |
7 |
|
|a 3087546
|2 mtmt
|
| 040 |
|
|
|a SZTE Publicatio Repozitórium
|b hun
|
| 041 |
|
|
|a Magyar
|
| 100 |
1 |
|
|a Mezei Péter
|
| 245 |
1 |
0 |
|a Jogerős döntés a Google Books ügyben
|h [elektronikus dokumentum] :
|b Fair use! /
|c Mezei Péter
|
| 260 |
|
|
|a Iurisperitus Bt.
|b Szeged
|c 2016
|
| 300 |
|
|
|a 10
|
| 300 |
|
|
|a 273-282
|
| 490 |
0 |
|
|a Ad valorem
|
| 650 |
|
4 |
|a Jogtudomány
|
| 856 |
4 |
0 |
|u http://publicatio.bibl.u-szeged.hu/25504/1/Mezei_Peter.pdf
|z Dokumentum-elérés
|
| 856 |
4 |
0 |
|u http://publicatio.bibl.u-szeged.hu/25504/3/3087546_c%C3%ADmlap_tartalom.pdf
|z Dokumentum-elérés
|